000 00326nam a2200133Ia 4500
008 220204s9999 xx 000 0 und d
082 _a541.117
_bMOS
100 _aMoskovits, Martin
245 0 _aCryochemistry
260 _aNew York;John Wiley
_c1976
490 _aCryochemistry
700 _aOzin, Geoffrey A
942 _cBK
999 _c28256
_d28256